Asbestos and its implications for surveyors and their clients (Record no. 112887)
[ view plain ]
| 000 -LEADER | |
|---|---|
| fixed length control field | 01928cad a22003135a 4500 |
| 001 - CONTROL NUMBER | |
| control field | L154214 |
| 008 - FIXED-LENGTH DATA ELEMENTS--GENERAL INFORMATION | |
| fixed length control field | 111101s2011 xxk f 000 0 eng u |
| 020 ## - INTERNATIONAL STANDARD BOOK NUMBER | |
| International Standard Book Number | 9781842197240 |
| 035 ## - SYSTEM CONTROL NUMBER | |
| System control number | (Sirsi) u154214 |
| 041 #0 - LANGUAGE CODE | |
| Language code of text/sound track or separate title | eng |
| 050 04 - LIBRARY OF CONGRESS CALL NUMBER | |
| Classification number | 549.66 $2 18 |
| 110 2# - MAIN ENTRY--CORPORATE NAME | |
| Corporate name or jurisdiction name as entry element | Royal Institution of Chartered Surveyors |
| 9 (RLIN) | 4900 |
| 245 00 - TITLE STATEMENT | |
| Title | Asbestos and its implications for surveyors and their clients |
| Remainder of title | RICS guidance note |
| Statement of responsibility, etc. | [Old edition] |
| 250 ## - EDITION STATEMENT | |
| Edition statement | 3rd ed. |
| 260 ## - PUBLICATION, DISTRIBUTION, ETC. | |
| Place of publication, distribution, etc. | Coventry |
| Name of publisher, distributor, etc. | RICS |
| Date of publication, distribution, etc. | 2011 |
| 300 ## - PHYSICAL DESCRIPTION | |
| Extent | vi, 101p. |
| Dimensions | 30cm. |
| 490 #0 - SERIES STATEMENT | |
| Series statement | RICS Guidance Note |
| Volume/sequential designation | 38/2011 |
| 505 2# - FORMATTED CONTENTS NOTE | |
| Formatted contents note | Introduction -- Risk to surveyors -- Surveyors' responsibilities -- Responsibility of others (employer, landlord, tenant and occupant) -- Services offered by surveyors -- Limitations and exclusions -- Insurance -- Asbestos survey -- Sampling asbestos -- Management plan -- Types of property -- Asbestos removal -- Encapsulation -- Environmental clean -- Demolition and land clearance -- Appendices |
| 520 ## - SUMMARY, ETC. | |
| Summary, etc. | Aims to give readers practical guidance on the various issues surrounding asbestos, with particular regard to its use in buildings and structures. Helps readers understand the dangers to health and business, how to protect PI insurance, how to comply with the latest legislation and regulations, and the implementation of an effective management plan. |
| 520 ## - SUMMARY, ETC. | |
| Summary, etc. | Supersedes the second edition (ISBN 9781842194508). |
| 520 ## - SUMMARY, ETC. | |
| Summary, etc. | Superseded by the fourth edition (ISBN 9781783214228) |
| 521 ## - TARGET AUDIENCE NOTE | |
| Target audience note | Advanced |
| 590 ## - LOCAL NOTE (RLIN) | |
| Local note | KA |
| 650 24 - SUBJECT ADDED ENTRY--TOPICAL TERM | |
| Topical term or geographic name entry element | CONTROL OF ASBESTOS REGULATIONS 2006 |
| 651 #4 - SUBJECT ADDED ENTRY--GEOGRAPHIC NAME | |
| Geographic name | United Kingdom |
| 690 ## - LOCAL SUBJECT ADDED ENTRY--TOPICAL TERM (OCLC, RLIN) | |
| Topical term or geographic name as entry element | MANAGEMENT-HEALTH AND SAFETY-HAZARDOUS SUBSTANCES-ASBESTOS |
| 856 41 - ELECTRONIC LOCATION AND ACCESS | |
| Uniform Resource Identifier | <a href="https://www.isurv.com/downloads/file/158/archive_asbestos_and_its_implications_for_surveyors_and_their_clients_3rd_edition_2011-may_2021">https://www.isurv.com/downloads/file/158/archive_asbestos_and_its_implications_for_surveyors_and_their_clients_3rd_edition_2011-may_2021</a> |
| Public note | Item superseded. Archive copy available on isurv (subscription required) |
| 942 ## - ADDED ENTRY ELEMENTS (KOHA) | |
| Suppress in OPAC | 0 |
| Source of classification or shelving scheme | Dewey Decimal Classification |
| Withdrawn status | Lost status | Source of classification or shelving scheme | Damaged status | Not for loan | Home library | Current library | Shelving location | Date acquired | Total Checkouts | Full call number | Barcode | Date last seen | Copy number | Price effective from | Koha item type |
|---|---|---|---|---|---|---|---|---|---|---|---|---|---|---|---|
| Dewey Decimal Classification | Archives | Archives | RICS Boxes | 30/11/2011 | RICS 2011/52 | 30079599 | 06/08/2019 | 1 | 06/08/2019 | Archive | |||||
| Dewey Decimal Classification | London | London | RICS Boxes | 01/11/2011 | RICS 2011/52 | 30079623 | 06/08/2019 | 1 | 06/08/2019 | Book | |||||
| Dewey Decimal Classification | London | London | RICS Boxes | 30/11/2011 | RICS 2011/52 | 30079595 | 06/08/2019 | 3 | 06/08/2019 | Book | |||||
| Dewey Decimal Classification | Virtual | Virtual | Online | 26/07/2023 | isurv | 26/07/2023 | 26/07/2023 | Online material |